5 largest cities in each African country and territory on a map - Statistics

General Stats
  • This quiz has been taken 34 times
    31 since last reset
  • The average score is 99 of 298
Answers on the Map
Answers color-coded by a green-red scale on the quiz's map according to % correct below.
 
Answer Stats
Country Population City % Correct
Egypt 9,801,536 Cairo
83%
Algeria 2,364,230 Algiers
79%
Morocco 3,218,036 Casablanca
79%
Egypt 5,362,517 Alexandria
75%
Morocco 1,182,963 Fès
75%
Morocco 1,275,428 Tangier
75%
Ghana 2,070,463 Accra
71%
Ethiopia 3,860,000 Addis Ababa
71%
Central African Republic 812,407 Bangui
71%
Republic of Congo 2,138,236 Brazzaville
71%
Djibouti 776,966 Djibouti
71%
Sudan 1,410,858 Khartoum
71%
Nigeria 5,195,247 Lagos
71%
Angola 6,759,313 Luanda
71%
Morocco 1,014,813 Marrakech
71%
Liberia 1,761,032 Monrovia
71%
Kenya 4,397,073 Nairobi
71%
Algeria 803,329 Oran
71%
Libya 1,293,016 Tripoli
71%
Tunisia 599,368 Tunis
71%
Madagascar 1,274,225 Antananarivo
67%
Eritrea 896,000 Asmara
67%
Mali 4,227,569 Bamako
67%
Guinea Bissau 387,909 Bissau
67%
Guinea 1,660,973 Conakry
67%
Senegal 3,186,088 Dakar
67%
Tanzania 5,383,728 Dar es Salaam
67%
Sierra Leone 609,174 Freetown
67%
South Africa 7,860,781 Johannesburg
67%
South Sudan 230,195 Juba
67%
Rwanda 1,517,168 Kigali
67%
DRC 7,273,947 Kinshasa
67%
Malawi 1,162,500 Lilongwe
67%
Mozambique 1,080,277 Maputo
67%
Somalia 1,650,227 Mogadishu
67%
Chad 951,418 N'Djamena
67%
Mauritania 1,446,761 Nouakchott
67%
Namibia 486,186 Windhoek
67%
Cameroon 2,765,000 Yaoundé
67%
Ivory Coast 5,616,633 Abidjan
63%
Nigeria 762,719 Benin City
63%
South Africa 3,430,992 Cape Town
63%
Botswana 246,325 Gaborone
63%
Egypt 4,458,135 Giza
63%
Gabon 703,940 Libreville
63%
Togo 2,188,376 Lomé
63%
Lesotho 343,541 Maseru
63%
Eswatini 60,691 Mbabane
63%
Niger 978,029 Niamey
63%
Burkina Faso 2,415,266 Ouagadougou
63%
Benin 264,320 Porto-Novo
63%
Egypt 791,749 Port Said
63%
Cape Verde 137,868 Praia
63%
São Tomé and Príncipe 66,888 São Tomé
63%
Tunisia 286,636 Sfax
63%
Ivory Coast 212,670 Yamoussoukro
63%
Libya 750,000 Benghazi
58%
Benin 679,012 Cotonou
58%
Tanzania 765,179 Dodoma
58%
Cameroon 2,768,400 Douala
58%
South Africa 2,786,046 Durban
58%
Burundi 41,944 Gitega
58%
South Africa 876,436 Gqeberha
58%
Zimbabwe 1,491,754 Harare
58%
Nigeria 1,835,300 Ibadan
58%
Uganda 1,680,600 Kampala
58%
Nigeria 2,166,554 Kano
58%
DRC 1,283,380 Lubumbashi
58%
Zambia 2,212,301 Lusaka
58%
Comoros 74,749 Moroni
58%
Mauritius 140,403 Port-Louis
58%
South Africa 1,763,336 Pretoria
58%
Seychelles 29,664 Victoria
58%
Tanzania 709,809 Zanzibar
58%
Sierra Leone 223,075 Bo
54%
Angola 550,000 Cabinda
54%
Algeria 448,028 Constantine
54%
Ghana 2,035,064 Kumasi
54%
Equatorial Guinea 257,000 Malabo
54%
Kenya 1,208,333 Mombasa
54%
Republic of Congo 1,398,812 Pointe-Noire
54%
Tunisia 250,540 Sousse
54%
Burundi 497,166 Bujumbura
50%
Somalia 741,000 Hargeisa
50%
DRC 682,599 Kisangani
50%
DRC 1,213,726 Mbuji-Mayi
50%
Sudan 394,561 Port Sudan
50%
Angola 555,124 Benguela
46%
Canary Islands (Spain) 382,516 Las Palmas de Gran Canaria
46%
Mozambique 592,090 Beira
42%
Malawi 871,800 Blantyre
42%
Gabon 110,568 Franceville
42%
DRC 720,362 Kananga
42%
Sudan 1,012,211 Khartoum North
42%
Tanzania 1,104,521 Mwanza
42%
Algeria 342,703 Annaba
38%
Equatorial Guinea 290,000 Bata
38%
Central African Republic 348,802 Bimbo
38%
Burkina Faso 904,920 Bobo-Dioulasso
38%
Angola 595,304 Huambo
38%
Sudan 492,984 Nyala
38%
Sudan 1,849,659 Omdurman
38%
Réunion (France) 156,149 Saint-Denis
38%
Réunion (France) 106,220 Saint-Paul
38%
Saint Helena (UK) 928 St Paul's
38%
Chad 97,963 Abéché
33%
Niger 110,497 Agadez
33%
Tunisia 154,300 Bizerte
33%
Ivory Coast 740,000 Bouaké
33%
Gambia 81,007 Brikama
33%
Zimbabwe 665,952 Bulawayo
33%
Tristan Da Cunha 206 Edinburgh of the Seven Seas
33%
Kenya 475,716 Eldoret
33%
Nigeria 993,642 Kaduna
33%
Tunisia 153,900 Kairouan
33%
Togo 158,090 Kara
33%
Western Sahara 262,791 Laâyoune
33%
Equatorial Guinea 9,011 Luba
33%
Angola 600,751 Lubango
33%
Mayotte (France) 103,593 Mamoudzou
33%
Chad 137,251 Moundou
33%
Gabon 136,462 Port-Gentil
33%
Morocco 945,101 Salé
33%
Chad 97,224 Sarh
33%
Namibia 75,921 Swakopmund
33%
Ghana 371,351 Tamale
33%
Senegal 1,120,824 Touba
33%
Namibia 102,704 Walvis Bay
33%
South Sudan 118,331 Wau
33%
Tanzania 617,631 Arusha
29%
Somalia 374,000 Berbera
29%
Liberia 50,245 Buchanan
29%
Botswana 103,417 Francistown
29%
Guinea Bissau 43,556 Gabú
29%
Rwanda 252,090 Gisenyi
29%
Eritrea 55,586 Keren
29%
Somalia 358,000 Kismayo
29%
Zambia 665,961 Kitwe
29%
Mozambique 1,032,197 Matola
29%
Malawi 273,000 Mzuzu
29%
Mozambique 663,212 Nampula
29%
Mauritania 173,525 Nouadhibou
29%
Benin 255,478 Parakou
29%
Madagascar 325,857 Toamasina
29%
Benin 117,824 Abomey-Calavi
25%
Ethiopia 456,900 Adama
25%
Djibouti 44,782 Ali-Sabieh
25%
Guinea Bissau 29,556 Bafatá
25%
Cameroon 269,530 Bamenda
25%
Central African Republic 103,713 Berbérati
25%
Algeria 331,779 Blida
25%
Mozambique 363,336 Chimoio
25%
Zimbabwe 371,246 Chitungwiza
25%
Ivory Coast 245,360 Daloa
25%
Republic of Congo 178,172 Dolisie
25%
Zimbabwe 206,368 Epworth
25%
Liberia 56,986 Gbarnga
25%
Benin 253,262 Godomey
25%
Saint Helena (UK) 625 Jamestown
25%
Guinea 190,722 Kankan
25%
Chad 57,859 Kélo
25%
Sierra Leone 255,110 Kenema
25%
Réunion (France) 81,964 Le Tampon
25%
Sierra Leone 85,116 Makeni
25%
South Sudan 114,528 Malakal
25%
Ethiopia 457,900 Mekele
25%
Somalia 499,000 Merca
25%
Zimbabwe 224,804 Mutare
25%
Kenya 570,674 Nakuru
25%
Uganda 532,800 Nansana
25%
Zambia 627,503 Ndola
25%
Guinea 195,027 Nzérékoré
25%
Djibouti 20,152 Obock
25%
Réunion (France) 85,254 Saint-Pierre
25%
Ivory Coast 164,944 San-Pédro
25%
Togo 115,442 Sokodé
25%
Senegal 391,253 Thiès
25%
South Sudan 69,720 Yei
25%
Malawi 116,800 Zomba
25%
Madagascar 246,354 Antsirabe
21%
Eritrea 44,220 Assab
21%
Cameroon 239,287 Bafoussam
21%
Central African Republic 129,032 Carnot
21%
Western Sahara 165,463 Dakhla
21%
Togo 117,675 Dapaong
21%
Djibouti 27,378 Dikhil
21%
Guinea 157,017 Dubréka
21%
Madagascar 191,776 Fianarantsoa
21%
Cameroon 235,996 Garoua
21%
Ascension (UK) 450 Georgetown
21%
Ethiopia 466,000 Gonder
21%
Zambia 288,598 Kabwe
21%
Senegal 298,904 Kaolack
21%
Mali 126,319 Kayes
21%
Mauritania 50,206 Kiffa
21%
Uganda 462,900 Kira
21%
Sierra Leone 196,418 Koidu
21%
Mali 141,444 Koutiala
21%
Eswatini 30,248 Manzini
21%
Niger 267,249 Maradi
21%
Botswana 85,350 Maun
21%
Botswana 74,861 Molepolole
21%
Burundi 39,884 Ngozi
21%
Republic of Congo 75,095 Ouesso
21%
Gabon 60,685 Oyem
21%
Senegal 295,459 Rufisque
21%
Rwanda 153,368 Ruhengeri
21%
Kenya 490,120 Ruiru
21%
Mali 133,501 Ségou
21%
Ghana 228,342 Sekondi
21%
Egypt 1,275,700 Shubrā al-Khaymah
21%
Niger 117,826 Tahoua
21%
Ghana 311,206 Takoradi
21%
Libya 141,653 Zawiya
21%
Niger 235,605 Zinder
21%
Eritrea 35,673 Afabet
17%
Togo 98,193 Atakpamé
17%
Mauritius 92,149 Beau-Bassin/Rose-Hill
17%
Mauritius 70,008 Curepipe
17%
Cape Verde 24,500 Espargos
17%
Comoros 17,291 Fomboni
17%
Liberia 42,077 Ganta
17%
Lesotho 41,986 Hlotse
17%
Lesotho 43,247 Mafeteng
17%
Madagascar 246,022 Mahajanga
17%
Lesotho 59,126 Maputsoe
17%
Eritrea 27,179 Massawa
17%
Libya 360,000 Misratah
17%
Lesotho 44,494 Mohale's Hoek
17%
São Tomé and Príncipe 8,391 Neves
17%
Eswatini 10,456 Nhlangano
17%
Gabon 79,300 Owendo
17%
Namibia 118,632 Rundu
17%
Canary Islands (Spain) 210,486 Santa Cruz de Tenerife
17%
Mali 226,618 Sikasso
17%
Djibouti 18,808 Tadjourah
17%
Mauritius 107,433 Vacoas-Phoenix
17%
South Sudan 105,881 Yambio
17%
Eswatini 6,433 Big Bend
13%
Comoros 12,262 Domoni
13%
Equatorial Guinea 32,000 Ebebiyín
13%
Western Sahara 56,607 Es Semara
13%
Liberia 34,608 Kakata
13%
Burkina Faso 160,239 Koudougou
13%
Uganda 413,400 Makindye Ssabagabo
13%
Cape Verde 69,013 Mindelo
13%
Botswana 88,004 Mogoditshane
13%
Namibia 58,656 Oshakati
13%
Burkina Faso 124,587 Ouahigouya
13%
Réunion (France) 57,546 Saint-André
13%
Canary Islands (Spain) 160,855 San Cristóbal de La Laguna
13%
São Tomé and Príncipe 7,445 Santana
13%
Gambia 47,048 Sukuta
13%
Canary Islands (Spain) 103,587 Telde
13%
Libya 166,350 Zliten
13%
Equatorial Guinea 8,795 Aconibe
8%
Seychelles 6,555 Anse Étoile
8%
Ethiopia 422,200 Awasa
8%
Guinea Bissau 9,898 Bissorã
8%
Western Sahara 57,360 Boujdour
8%
Guinea Bissau 12,044 Canchungo
8%
Mayotte (France) 29,273 Dzaoudzi
8%
Malawi 61,609 Karonga
8%
Eswatini 7,571 Matsapha
8%
Republic of Congo 104,083 Nkayi
8%
Mauritius 71,076 Quatre-Bornes
8%
Burundi 35,931 Rumonge
8%
Zambia 301,370 Solwezi
8%
São Tomé and Príncipe 6,685 Trindade
8%
Canary Islands (Spain) 87,848 Arona
4%
Central African Republic 264,067 Bégoua
4%
Burundi 23,885 Cibitoke
4%
Western Sahara 28,848 El Marsa
4%
Rwanda 82,797 Gitarama
4%
Saint Helena (UK) 1,034 Half Tree Hollow
4%
Uganda 285,400 Kyengera
4%
Saint Helena (UK) 765 Longwood
4%
Guinea 167,354 Manéah
4%
Mauritania 47,725 Mbera
4%
Burkina Faso 136,011 Saaba
4%
Cape Verde 13,483 Tarrafal
4%
Mauritania 62,380 Zouerate
4%
Saint Helena 394 Alarm Forest
0%
São Tomé and Príncipe 3,923 Almas
0%
Cape Verde 21,297 Assomada
0%
Seychelles 5,974 Au Cap
0%
Gambia 55,360 Bundunka Kunda
0%
Seychelles 7,263 Cascade
0%
Gambia 38,121 Faji Kunda
0%
Rwanda 66,151 Kamuhanda/Ruyenzi
0%
Mayotte (France) 17,060 Kawéni
0%
Mayotte (France) 17,739 Labattoir
0%
Comoros 26,313 Matsamudu
0%
Mayotte (France) 15,880 Mtsapéré
0%
Seychelles 6,209 Preseverance
0%
Gambia 40,562 Talinding
0%
Comoros 12,590 Tsémbéhou
0%
Ascension (UK) 110 Two Boats Village
0%
No matching quizzes found
Score Distribution
Percent of People with Each Score
Percentile by Number Answered
Your Score History
You have not taken this quiz since the last reset